[Event "ODJM B 2024"]
[Site "Willingen GER"]
[Date "2024.05.21"]
[Round "4"]
[White "Reger, Christoph"]
[Black "Hildebrand, Azat"]
[Result "1-0"]
[Termination "normal"]
[Board "28"]
[WhiteElo "1623"]
[BlackElo "1681"]
[WhiteClock "00:03:48"]
[BlackClock "00:01:12"]
[PlyCount "65"]
[WhiteFideId "16287606"]
[BlackFideId "34607536"]
[EventCountry "GER"]
[EventRounds "9"]
[EventType "swiss"]
[EventDate "2024.05.18"]

1. d4 {[%clk 01:30:59]} {[%emt 00:00:01]} d5 {[%clk 01:30:53]} {[%emt
00:00:07]} 2. Bf4 {[%clk 01:31:25]} {[%emt 00:00:04]} Nf6 {[%clk 01:30:57]}
{[%emt 00:00:26]} 3. e3 {[%clk 01:31:51]} {[%emt 00:00:04]} e6 {[%clk
01:31:08]} {[%emt 00:00:19]} 4. Nd2 {[%clk 01:32:16]} {[%emt 00:00:04]} Bd6
{[%clk 01:30:10]} {[%emt 00:01:29]} 5. c3 {[%clk 01:32:36]} {[%emt 00:00:10]}
Bxf4 {[%clk 01:29:01]} {[%emt 00:01:39]} 6. exf4 {[%clk 01:33:02]} {[%emt
00:00:04]} Qd6 {[%clk 01:27:29]} {[%emt 00:02:02]} 7. g3 {[%clk 01:33:17]}
{[%emt 00:00:14]} c5 {[%clk 01:24:52]} {[%emt 00:03:08]} 8. Ngf3 {[%clk
01:33:08]} {[%emt 00:00:39]} a6 {[%clk 01:15:40]} {[%emt 00:09:43]} 9. Bd3
{[%clk 01:32:46]} {[%emt 00:00:50]} Nc6 {[%clk 01:14:48]} {[%emt 00:01:23]} 10.
O-O {[%clk 01:31:36]} {[%emt 00:01:40]} cxd4 {[%clk 01:14:18]} {[%emt
00:00:59]} 11. Nxd4 {[%clk 01:30:35]} {[%emt 00:01:31]} Nxd4 {[%clk 01:14:28]}
{[%emt 00:00:21]} 12. cxd4 {[%clk 01:30:33]} {[%emt 00:00:32]} O-O {[%clk
01:13:38]} {[%emt 00:01:20]} 13. Nf3 {[%clk 01:30:01]} {[%emt 00:01:01]} b5
{[%clk 01:11:27]} {[%emt 00:02:41]} 14. Ne5 {[%clk 01:28:34]} {[%emt 00:01:57]}
Bb7 {[%clk 01:05:29]} {[%emt 00:06:28]} 15. Re1 {[%emt 00:05:37]} Rfd8 {[%clk
01:02:27]} 16. g4 {[%clk 01:17:26]} {[%emt 00:10:03]} Qb4 {[%clk 00:53:04]}
{[%emt 00:09:53]} 17. a3 {[%clk 00:48:30]} {[%emt 00:29:26]} Qxb2 {[%clk
00:47:42]} {[%emt 00:05:52]} 18. Re2 {[%clk 00:48:24]} {[%emt 00:00:35]} Qc3
{[%clk 00:46:44]} {[%emt 00:01:29]} 19. Re3 {[%clk 00:43:52]} {[%emt 00:05:02]}
Qa5 {[%clk 00:43:15]} {[%emt 00:04:00]} 20. g5 {[%clk 00:42:12]} {[%emt
00:02:09]} Nd7 {[%clk 00:21:32]} {[%emt 00:22:13]} 21. Qh5 {[%clk 00:24:38]}
{[%emt 00:18:03]} g6 {[%clk 00:18:24]} {[%emt 00:03:40]} 22. Qh6 {[%clk
00:10:35]} {[%emt 00:14:33]} f5 {[%clk 00:09:03]} {[%emt 00:09:51]} 23. Nxg6
{[%clk 00:05:03]} {[%emt 00:06:02]} Nf8 {[%clk 00:01:31]} {[%emt 00:08:01]} 24.
Nxf8 {[%clk 00:03:30]} {[%emt 00:02:03]} Rxf8 {[%clk 00:01:51]} {[%emt
00:00:10]} 25. Qxe6+ {[%clk 00:03:37]} {[%emt 00:00:23]} Rf7 {[%clk 00:01:11]}
{[%emt 00:01:10]} 26. Bxf5 {[%clk 00:03:41]} {[%emt 00:00:25]} Raf8 {[%clk
00:01:00]} {[%emt 00:00:43]} 27. g6 {[%clk 00:01:57]} {[%emt 00:02:14]} hxg6
{[%clk 00:00:52]} {[%emt 00:00:37]} 28. Bxg6 {[%clk 00:02:05]} {[%emt
00:00:23]} Qc7 {[%clk 00:00:36]} {[%emt 00:00:45]} 29. Bxf7+ {[%clk 00:02:09]}
{[%emt 00:00:26]} Qxf7 {[%clk 00:00:46]} {[%emt 00:00:20]} 30. Rg3+ {[%clk
00:02:34]} {[%emt 00:00:05]} Kh8 {[%clk 00:00:36]} {[%emt 00:00:40]} 31. Qh6+
{[%clk 00:02:56]} {[%emt 00:00:08]} Qh7 {[%clk 00:00:56]} {[%emt 00:00:10]} 32.
Qxf8+ {[%clk 00:03:21]} {[%emt 00:00:05]} Qg8 {[%clk 00:01:12]} {[%emt
00:00:13]} 33. Qxg8# {[%clk 00:03:48]} {[%emt 00:00:04]} 1-0

[Event "ODJM B 2024"]
[Site "Willingen GER"]
[Date "2024.05.21"]
[Round "4"]
[White "Menne, Lukas"]
[Black "Sniegowski, Richard"]
[Result "0-1"]
[Termination "normal"]
[Board "30"]
[WhiteElo "1636"]
[BlackElo "1683"]
[WhiteClock "00:05:10"]
[BlackClock "00:48:18"]
[PlyCount "80"]
[WhiteFideId "16288467"]
[BlackFideId "34664181"]
[EventCountry "GER"]
[EventRounds "9"]
[EventType "swiss"]
[EventDate "2024.05.18"]

1. d4 {[%clk 01:30:57]} {[%emt 00:00:02]} d5 {[%clk 01:30:56]} {[%emt
00:00:05]} 2. Nf3 {[%clk 01:31:22]} {[%emt 00:00:05]} Nf6 {[%clk 01:31:21]}
{[%emt 00:00:04]} 3. Bf4 {[%clk 01:31:47]} {[%emt 00:00:06]} c5 {[%clk
01:31:48]} {[%emt 00:00:03]} 4. e3 {[%clk 01:32:10]} {[%emt 00:00:06]} Nc6
{[%clk 01:32:14]} {[%emt 00:00:05]} 5. c3 {[%clk 01:32:34]} {[%emt 00:00:06]}
Qb6 {[%clk 01:32:39]} {[%emt 00:00:05]} 6. Qc2 {[%clk 01:32:54]} {[%emt
00:00:09]} cxd4 {[%clk 01:28:13]} {[%emt 00:04:57]} 7. exd4 {[%clk 01:33:13]}
{[%emt 00:00:11]} Bf5 {[%clk 01:28:31]} {[%emt 00:00:12]} 8. Qc1 {[%clk
01:31:06]} {[%emt 00:02:36]} e6 {[%clk 01:28:50]} {[%emt 00:00:11]} 9. Be2
{[%clk 01:30:33]} {[%emt 00:01:03]} Be7 {[%clk 01:28:15]} {[%emt 00:01:06]} 10.
O-O {[%clk 01:30:40]} {[%emt 00:00:22]} h6 {[%clk 01:28:38]} {[%emt 00:00:07]}
11. Nbd2 {[%clk 01:28:01]} {[%emt 00:03:10]} O-O {[%clk 01:27:54]} {[%emt
00:01:14]} 12. Ne5 {[%clk 01:13:18]} {[%emt 00:15:12]} Rac8 {[%clk 01:23:03]}
{[%emt 00:05:21]} 13. Nb3 {[%clk 01:10:52]} {[%emt 00:02:56]} a5 {[%clk
01:21:25]} {[%emt 00:02:08]} 14. Qd2 {[%clk 01:10:33]} {[%emt 00:00:49]} Ne4
{[%clk 01:20:49]} {[%emt 00:01:06]} 15. Qc1 {[%clk 01:07:14]} {[%emt 00:03:49]}
a4 {[%clk 01:19:45]} {[%emt 00:01:35]} 16. Nxc6 {[%clk 01:07:35]} {[%emt
00:00:09]} bxc6 {[%clk 01:19:28]} {[%emt 00:00:47]} 17. Nd2 {[%clk 01:07:18]}
{[%emt 00:00:46]} c5 {[%clk 01:19:00]} {[%emt 00:00:59]} 18. dxc5 {[%clk
01:01:43]} {[%emt 00:06:05]} Bxc5 {[%clk 01:18:50]} {[%emt 00:00:39]} 19. Nxe4
{[%clk 01:02:02]} {[%emt 00:00:11]} Bxe4 {[%clk 01:19:08]} {[%emt 00:00:12]}
20. Qd2 {[%clk 00:43:11]} {[%emt 00:19:20]} Rc6 {[%clk 01:11:19]} {[%emt
00:08:20]} 21. Bd1 {[%clk 00:36:32]} {[%emt 00:07:10]} Ra8 {[%clk 01:02:51]}
{[%emt 00:08:58]} 22. Rc1 {[%clk 00:32:59]} {[%emt 00:04:02]} Qb7 {[%clk
00:55:19]} {[%emt 00:08:03]} 23. b4 {[%clk 00:23:38]} {[%emt 00:09:50]} axb3
{[%clk 00:54:27]} {[%emt 00:01:23]} 24. Bxb3 {[%clk 00:22:25]} {[%emt
00:01:43]} Rac8 {[%clk 00:54:13]} {[%emt 00:00:43]} 25. Be5 {[%clk 00:20:00]}
{[%emt 00:02:53]} Qb6 {[%clk 00:52:46]} {[%emt 00:01:59]} 26. Rfd1 {[%clk
00:14:31]} {[%emt 00:05:59]} f6 {[%clk 00:52:28]} {[%emt 00:00:49]} 27. Bf4
{[%clk 00:14:03]} {[%emt 00:00:57]} Ba3 {[%clk 00:52:43]} {[%emt 00:00:16]} 28.
Be3 {[%clk 00:13:50]} {[%emt 00:00:42]} Bxc1 {[%clk 00:52:15]} {[%emt
00:00:57]} 29. Rxc1 {[%clk 00:14:14]} {[%emt 00:00:07]} Qa5 {[%clk 00:51:50]}
{[%emt 00:00:56]} 30. f3 {[%clk 00:07:11]} {[%emt 00:07:32]} Bg6 {[%clk
00:51:07]} {[%emt 00:01:13]} 31. Qe1 {[%clk 00:07:31]} {[%emt 00:00:10]} Rxc3
{[%clk 00:50:23]} {[%emt 00:01:15]} 32. Rxc3 {[%clk 00:07:35]} {[%emt
00:00:24]} Qxc3 {[%clk 00:50:43]} {[%emt 00:00:11]} 33. Bd2 {[%clk 00:07:47]}
{[%emt 00:00:18]} Qd4+ {[%clk 00:49:31]} {[%emt 00:01:42]} 34. Kh1 {[%clk
00:07:03]} {[%emt 00:01:15]} e5 {[%clk 00:47:24]} {[%emt 00:02:36]} 35. f4
{[%clk 00:05:51]} {[%emt 00:01:42]} Qe4 {[%clk 00:47:45]} {[%emt 00:00:09]} 36.
Qxe4 {[%clk 00:04:53]} {[%emt 00:01:28]} Bxe4 {[%clk 00:48:08]} {[%emt
00:00:07]} 37. fxe5 {[%clk 00:05:15]} {[%emt 00:00:08]} fxe5 {[%clk 00:48:30]}
{[%emt 00:00:08]} 38. Kg1 {[%clk 00:05:29]} {[%emt 00:00:16]} Kh7 {[%clk
00:48:25]} {[%emt 00:00:35]} 39. a4 {[%clk 00:04:44]} {[%emt 00:01:15]} Rb8
{[%clk 00:47:55]} {[%emt 00:01:00]} 40. Bd1 {[%clk 00:05:10]} {[%emt 00:00:04]}
Rb1 {[%clk 00:48:18]} {[%emt 00:00:07]} 0-1

[Event "ODJM B 2024"]
[Site "Willingen GER"]
[Date "2024.05.21"]
[Round "4"]
[White "Ott, Claudius"]
[Black "Klockhaus, Daniel"]
[Result "1/2-1/2"]
[Termination "normal"]
[Board "31"]
[WhiteElo "1674"]
[BlackElo "1650"]
[WhiteClock "00:53:34"]
[BlackClock "00:28:50"]
[PlyCount "64"]
[WhiteFideId "34621024"]
[BlackFideId "16299132"]
[EventCountry "GER"]
[EventRounds "9"]
[EventType "swiss"]
[EventDate "2024.05.18"]

1. e4 {[%clk 01:30:49]} {[%emt 00:00:10]} c6 {[%clk 01:30:55]} {[%emt
00:00:06]} 2. d4 {[%clk 01:31:16]} {[%emt 00:00:03]} d5 {[%clk 01:31:23]}
{[%emt 00:00:01]} 3. Nc3 {[%clk 01:31:43]} {[%emt 00:00:04]} dxe4 {[%clk
01:31:38]} {[%emt 00:00:15]} 4. Nxe4 {[%clk 01:32:09]} {[%emt 00:00:04]} Bf5
{[%clk 01:32:03]} {[%emt 00:00:05]} 5. Ng3 {[%clk 01:32:34]} {[%emt 00:00:04]}
Bg6 {[%clk 01:32:22]} {[%emt 00:00:12]} 6. h4 {[%clk 01:33:00]} {[%emt
00:00:04]} h6 {[%clk 01:32:19]} {[%emt 00:00:33]} 7. Nf3 {[%clk 01:33:09]}
{[%emt 00:00:21]} Nd7 {[%clk 01:32:10]} {[%emt 00:00:39]} 8. h5 {[%clk
01:33:34]} {[%emt 00:00:05]} Bh7 {[%clk 01:32:32]} {[%emt 00:00:07]} 9. Bd3
{[%clk 01:34:00]} {[%emt 00:00:05]} Bxd3 {[%clk 01:32:01]} {[%emt 00:01:01]}
10. Qxd3 {[%clk 01:34:23]} {[%emt 00:00:07]} Ngf6 {[%clk 01:31:40]} {[%emt
00:00:51]} 11. Bd2 {[%clk 01:33:26]} {[%emt 00:01:26]} e6 {[%clk 01:30:42]}
{[%emt 00:01:28]} 12. Ne4 {[%clk 01:31:35]} {[%emt 00:02:21]} Nxe4 {[%clk
01:28:33]} {[%emt 00:02:39]} 13. Qxe4 {[%clk 01:31:57]} {[%emt 00:00:08]} Nf6
{[%clk 01:28:32]} {[%emt 00:00:31]} 14. Qe2 {[%clk 01:32:12]} {[%emt 00:00:15]}
Qb6 {[%clk 01:13:35]} {[%emt 00:15:26]} 15. O-O-O {[%clk 01:29:51]} {[%emt
00:02:52]} Nd5 {[%clk 01:10:59]} {[%emt 00:03:04]} 16. Rh4 {[%clk 01:22:55]}
{[%emt 00:07:28]} O-O-O {[%clk 01:02:10]} {[%emt 00:09:20]} 17. Ne5 {[%clk
01:18:26]} {[%emt 00:04:59]} Qc7 {[%clk 00:58:44]} {[%emt 00:03:56]} 18. Rh3
{[%clk 01:08:14]} {[%emt 00:10:40]} Bd6 {[%clk 00:56:12]} {[%emt 00:03:03]} 19.
Nc4 {[%clk 01:02:49]} {[%emt 00:05:55]} Nf4 {[%clk 00:46:52]} {[%emt 00:09:49]}
20. Nxd6+ {[%clk 01:02:32]} {[%emt 00:00:48]} Qxd6 {[%clk 00:46:42]} {[%emt
00:00:40]} 21. Bxf4 {[%clk 01:02:58]} {[%emt 00:00:04]} Qxf4+ {[%clk 00:46:37]}
{[%emt 00:00:35]} 22. Qe3 {[%clk 01:02:43]} {[%emt 00:00:45]} Qxe3+ {[%clk
00:46:40]} {[%emt 00:00:27]} 23. fxe3 {[%clk 01:02:54]} {[%emt 00:00:19]} Rd5
{[%clk 00:46:33]} {[%emt 00:00:36]} 24. Rf1 {[%clk 01:00:54]} {[%emt 00:02:32]}
f6 {[%clk 00:46:08]} {[%emt 00:00:54]} 25. c4 {[%clk 00:59:17]} {[%emt
00:02:07]} Rg5 {[%clk 00:45:36]} {[%emt 00:01:02]} 26. Rf2 {[%clk 00:58:55]}
{[%emt 00:00:53]} Rd8 {[%clk 00:45:28]} {[%emt 00:00:37]} 27. b4 {[%clk
00:58:32]} {[%emt 00:00:54]} b6 {[%clk 00:44:59]} {[%emt 00:00:58]} 28. Rh4
{[%clk 00:57:09]} {[%emt 00:01:53]} Rd6 {[%clk 00:39:33]} {[%emt 00:05:55]} 29.
a3 {[%clk 00:55:15]} {[%emt 00:02:26]} c5 {[%clk 00:35:21]} {[%emt 00:04:42]}
30. b5 {[%clk 00:54:22]} {[%emt 00:01:23]} cxd4 {[%clk 00:34:21]} {[%emt
00:01:29]} 31. exd4 {[%clk 00:54:45]} {[%emt 00:00:08]} Rg3 {[%clk 00:33:41]}
{[%emt 00:01:08]} 32. Kb2 {[%clk 00:53:34]} {[%emt 00:01:42]} Rd3 {[%clk
00:28:50]} {[%emt 00:05:20]} 1/2-1/2

[Event "ODJM B 2024"]
[Site "Willingen GER"]
[Date "2024.05.21"]
[Round "4"]
[White "Mersmann, Jasmin"]
[Black "Göb, Franziska"]
[Result "1/2-1/2"]
[Termination "normal"]
[Board "32"]
[WhiteElo "1486"]
[BlackElo "1602"]
[WhiteClock "01:26:55"]
[BlackClock "00:36:32"]
[PlyCount "47"]
[WhiteFideId "34630287"]
[BlackFideId "16293177"]
[EventCountry "GER"]
[EventRounds "9"]
[EventType "swiss"]
[EventDate "2024.05.18"]

1. e4 {[%clk 01:30:59]} e5 {[%clk 01:30:55]} {[%emt 00:00:06]} 2. Nf3 {[%clk
01:31:24]} {[%emt 00:00:04]} Nc6 {[%clk 01:31:21]} {[%emt 00:00:05]} 3. Bc4
{[%clk 01:31:43]} {[%emt 00:00:11]} Bc5 {[%clk 01:31:43]} {[%emt 00:00:07]} 4.
d3 {[%clk 01:31:30]} {[%emt 00:00:42]} h6 {[%clk 01:31:51]} {[%emt 00:00:23]}
5. Be3 {[%clk 01:31:48]} {[%emt 00:00:12]} Bb6 {[%clk 01:30:16]} {[%emt
00:02:05]} 6. Nc3 {[%clk 01:31:42]} {[%emt 00:00:36]} Nf6 {[%clk 01:28:27]}
{[%emt 00:02:20]} 7. h3 {[%clk 01:31:48]} {[%emt 00:00:23]} d6 {[%clk
01:28:05]} {[%emt 00:00:52]} 8. O-O {[%clk 01:30:09]} {[%emt 00:02:09]} O-O
{[%clk 01:27:34]} {[%emt 00:01:01]} 9. Nd2 {[%clk 01:30:24]} {[%emt 00:00:14]}
Be6 {[%clk 01:22:57]} {[%emt 00:05:07]} 10. Qf3 {[%clk 01:30:17]} {[%emt
00:00:37]} Nd4 {[%clk 01:15:47]} {[%emt 00:07:41]} 11. Bxd4 {[%clk 01:29:33]}
{[%emt 00:01:14]} Bxd4 {[%clk 01:15:50]} {[%emt 00:00:27]} 12. Qg3 {[%clk
01:29:22]} {[%emt 00:00:40]} Nh5 {[%clk 01:09:07]} {[%emt 00:07:14]} 13. Qf3
{[%clk 01:28:58]} {[%emt 00:00:54]} Nf4 {[%clk 01:02:12]} {[%emt 00:07:25]} 14.
Ne2 {[%clk 01:28:31]} {[%emt 00:00:56]} Nxe2+ {[%clk 00:52:16]} {[%emt
00:10:27]} 15. Qxe2 {[%clk 01:27:06]} {[%emt 00:01:55]} Qe7 {[%clk 00:50:00]}
{[%emt 00:02:46]} 16. c3 {[%clk 01:27:16]} {[%emt 00:00:20]} Bb6 {[%clk
00:50:15]} {[%emt 00:00:15]} 17. Kh1 {[%clk 01:27:18]} {[%emt 00:00:27]} Kh8
{[%clk 00:47:35]} {[%emt 00:03:10]} 18. f4 {[%clk 01:27:11]} {[%emt 00:00:37]}
exf4 {[%clk 00:40:52]} {[%emt 00:07:14]} 19. Rxf4 {[%clk 01:27:18]} {[%emt
00:00:19]} Rae8 {[%clk 00:39:41]} {[%emt 00:01:45]} 20. Bxe6 {[%clk 01:27:29]}
{[%emt 00:00:19]} fxe6 {[%clk 00:39:37]} {[%emt 00:00:34]} 21. Rxf8+ {[%clk
01:27:40]} {[%emt 00:00:19]} Rxf8 {[%clk 00:40:01]} {[%emt 00:00:07]} 22. d4
{[%clk 01:27:47]} {[%emt 00:00:21]} a6 {[%clk 00:38:16]} {[%emt 00:02:16]} 23.
Rf1 {[%clk 01:27:45]} {[%emt 00:00:32]} Rxf1+ {[%clk 00:36:32]} {[%emt
00:02:15]} 24. Qxf1 {[%clk 01:26:55]} {[%emt 00:01:19]} 1/2-1/2

[Event "ODJM B 2024"]
[Site "Willingen GER"]
[Date "2024.05.21"]
[Round "4"]
[White "Golke, Philipp"]
[Black "Schmidt, Jan"]
[Result "0-1"]
[Termination "normal"]
[Board "33"]
[WhiteElo "1709"]
[BlackElo "1663"]
[WhiteClock "00:50:46"]
[BlackClock "00:28:38"]
[PlyCount "116"]
[WhiteFideId "34625259"]
[BlackFideId "34625682"]
[EventCountry "GER"]
[EventRounds "9"]
[EventType "swiss"]
[EventDate "2024.05.18"]

1. e4 {[%clk 01:30:47]} {[%emt 00:00:12]} c6 {[%clk 01:30:57]} {[%emt
00:00:04]} 2. Nf3 {[%clk 01:31:13]} {[%emt 00:00:04]} d5 {[%clk 01:31:22]}
{[%emt 00:00:05]} 3. Nc3 {[%clk 01:31:39]} {[%emt 00:00:04]} dxe4 {[%clk
01:31:47]} {[%emt 00:00:05]} 4. Nxe4 {[%clk 01:32:04]} {[%emt 00:00:05]} Nf6
{[%clk 01:32:11]} {[%emt 00:00:06]} 5. Bd3 {[%clk 01:30:10]} {[%emt 00:02:23]}
Nbd7 {[%clk 01:26:03]} {[%emt 00:06:39]} 6. Qe2 {[%clk 01:26:37]} {[%emt
00:04:03]} Nxe4 {[%clk 01:22:39]} {[%emt 00:03:53]} 7. Bxe4 {[%clk 01:25:41]}
{[%emt 00:01:27]} Nf6 {[%clk 01:21:48]} {[%emt 00:01:21]} 8. Bd3 {[%clk
01:24:36]} {[%emt 00:01:35]} Bg4 {[%clk 01:20:26]} {[%emt 00:01:52]} 9. Bc4
{[%clk 01:22:22]} {[%emt 00:02:44]} e6 {[%clk 01:19:09]} {[%emt 00:01:47]} 10.
h3 {[%clk 01:21:48]} {[%emt 00:01:04]} Bh5 {[%clk 01:19:08]} {[%emt 00:00:31]}
11. O-O {[%clk 01:21:40]} {[%emt 00:00:37]} Be7 {[%clk 01:18:52]} {[%emt
00:00:46]} 12. d3 {[%clk 01:21:50]} {[%emt 00:00:20]} O-O {[%clk 01:18:54]}
{[%emt 00:00:29]} 13. Kh1 {[%clk 01:18:26]} {[%emt 00:03:54]} a5 {[%clk
01:17:56]} {[%emt 00:01:28]} 14. a3 {[%clk 01:18:36]} {[%emt 00:00:19]} Qc7
{[%clk 01:16:41]} {[%emt 00:01:45]} 15. Bd2 {[%clk 01:03:38]} {[%emt 00:15:28]}
b5 {[%clk 01:13:13]} {[%emt 00:03:59]} 16. Ba2 {[%clk 01:02:03]} {[%emt
00:02:05]} Rfd8 {[%clk 01:09:21]} {[%emt 00:04:21]} 17. Rfe1 {[%clk 01:00:58]}
{[%emt 00:01:34]} Nd5 {[%clk 01:05:52]} {[%emt 00:04:00]} 18. g4 {[%clk
00:40:13]} {[%emt 00:21:15]} Bg6 {[%clk 01:05:59]} {[%emt 00:00:23]} 19. Ne5
{[%clk 00:40:36]} {[%emt 00:00:06]} Bf6 {[%clk 00:55:53]} {[%emt 00:10:37]} 20.
Bxd5 {[%clk 00:38:41]} {[%emt 00:02:25]} Rxd5 {[%clk 00:49:33]} {[%emt
00:06:51]} 21. Bf4 {[%clk 00:37:18]} {[%emt 00:01:52]} Bxe5 {[%clk 00:41:51]}
{[%emt 00:08:11]} 22. Bxe5 {[%clk 00:35:39]} {[%emt 00:02:09]} Qe7 {[%clk
00:41:15]} {[%emt 00:01:06]} 23. Bg3 {[%clk 00:34:38]} {[%emt 00:01:32]} h5
{[%clk 00:39:36]} {[%emt 00:02:08]} 24. f4 {[%clk 00:33:39]} {[%emt 00:01:29]}
hxg4 {[%clk 00:38:43]} {[%emt 00:01:24]} 25. hxg4 {[%clk 00:34:04]} {[%emt
00:00:06]} Qd7 {[%clk 00:36:21]} {[%emt 00:02:52]} 26. Kg2 {[%clk 00:30:55]}
{[%emt 00:03:38]} c5 {[%clk 00:32:29]} {[%emt 00:04:22]} 27. Rad1 {[%clk
00:25:03]} {[%emt 00:06:21]} Rc8 {[%clk 00:25:35]} {[%emt 00:07:25]} 28. Rh1
{[%clk 00:24:02]} {[%emt 00:01:31]} c4 {[%clk 00:24:13]} {[%emt 00:01:52]} 29.
dxc4 {[%clk 00:23:14]} {[%emt 00:01:19]} Rxc4 {[%clk 00:21:34]} {[%emt
00:03:08]} 30. f5 {[%clk 00:22:54]} {[%emt 00:00:50]} exf5 {[%clk 00:18:27]}
{[%emt 00:03:36]} 31. Kf2 {[%clk 00:21:39]} {[%emt 00:01:46]} Re4 {[%clk
00:13:07]} {[%emt 00:05:50]} 32. Qf3 {[%clk 00:20:58]} {[%emt 00:01:12]} fxg4
{[%clk 00:12:19]} {[%emt 00:01:17]} 33. Rxd5 {[%clk 00:21:08]} {[%emt
00:00:20]} Qxd5 {[%clk 00:12:32]} {[%emt 00:00:16]} 34. Qc3 {[%clk 00:21:13]}
{[%emt 00:00:26]} Rc4 {[%clk 00:11:16]} {[%emt 00:01:46]} 35. Qe3 {[%clk
00:20:12]} {[%emt 00:01:31]} Qf3+ {[%clk 00:11:12]} {[%emt 00:00:35]} 36. Qxf3
{[%clk 00:20:34]} {[%emt 00:00:07]} gxf3 {[%clk 00:11:33]} {[%emt 00:00:09]}
37. c3 {[%clk 00:20:56]} {[%emt 00:00:08]} b4 {[%clk 00:10:23]} {[%emt
00:01:41]} 38. axb4 {[%clk 00:20:53]} {[%emt 00:00:32]} axb4 {[%clk 00:10:37]}
{[%emt 00:00:16]} 39. Be5 {[%clk 00:21:12]} {[%emt 00:00:11]} bxc3 {[%clk
00:09:34]} {[%emt 00:01:33]} 40. Bxc3 {[%clk 00:21:30]} {[%emt 00:00:12]} Be4
{[%clk 00:08:51]} {[%emt 00:01:12]} 41. Rg1 {[%clk 00:21:47]} {[%emt 00:00:14]}
g6 {[%clk 00:09:07]} {[%emt 00:00:14]} 42. Rh1 {[%clk 00:21:17]} {[%emt
00:01:01]} Kf8 {[%clk 00:08:52]} {[%emt 00:00:44]} 43. Bf6 {[%clk 00:21:14]}
{[%emt 00:00:33]} Ke8 {[%clk 00:09:14]} {[%emt 00:00:08]} 44. Bc3 {[%clk
00:21:01]} {[%emt 00:00:43]} Kd7 {[%clk 00:08:44]} {[%emt 00:01:00]} 45. Ra1
{[%clk 00:21:15]} {[%emt 00:00:16]} Ke6 {[%clk 00:07:54]} {[%emt 00:01:19]} 46.
Ra6+ {[%clk 00:17:54]} {[%emt 00:03:52]} Rc6 {[%clk 00:06:29]} {[%emt
00:01:56]} 47. Ra5 {[%clk 00:18:16]} {[%emt 00:00:07]} Bd5 {[%clk 00:05:49]}
{[%emt 00:01:10]} 48. Rb5 {[%clk 00:18:24]} {[%emt 00:00:21]} f5 {[%clk
00:05:18]} {[%emt 00:01:02]} 49. Rb8 {[%clk 00:18:46]} {[%emt 00:00:08]} g5
{[%clk 00:04:04]} {[%emt 00:01:43]} 50. Re8+ {[%clk 00:19:08]} {[%emt
00:00:09]} Kf7 {[%clk 00:02:42]} {[%emt 00:01:52]} 51. Re5 {[%clk 00:19:26]}
{[%emt 00:00:12]} Be4 {[%clk 00:02:55]} {[%emt 00:00:17]} 52. Rb5 {[%clk
00:19:39]} {[%emt 00:00:17]} Rh6 {[%clk 00:02:42]} {[%emt 00:00:42]} 53. Ra5
{[%clk 00:19:42]} {[%emt 00:00:28]} Rh2+ {[%clk 00:00:56]} {[%emt 00:02:16]}
54. Ke3 {[%clk 00:20:07]} {[%emt 00:00:05]} Re2+ {[%clk 00:00:32]} {[%emt
00:00:54]} 55. Kd4 {[%clk 00:20:31]} {[%emt 00:00:06]} f2 {[%clk 00:29:58]}
{[%emt 00:01:04]} 56. Ra1 {[%clk 00:50:56]} {[%emt 00:00:03]} Bg2 {[%clk
00:29:58]} {[%emt 00:00:32]} 57. Ra7+ {[%clk 00:50:43]} {[%emt 00:00:44]} Re7
{[%clk 00:28:23]} {[%emt 00:02:04]} 58. Ra1 {[%clk 00:50:46]} {[%emt 00:00:27]}
f1=Q {[%clk 00:28:38]} {[%emt 00:00:15]} 0-1